Statistics for Rychlá matematika - kořeny

Click here to take the quiz!

General Stats

  • This quiz has been taken 21 times
  • The average score is 18 of 30

Answer Stats

Vykořenit=% Correct
√14412
100%
√648
86%
∛1255
79%
√19614
79%
√16913
79%
√12111
79%
√819
79%
√366
79%
√164
79%
∛82
71%
√22515
71%
∛3437
64%
∛100010
64%
√25616
64%
√42
57%
∛5128
57%
∛409616
57%
∛219713
57%
∛7299
57%
∛133111
57%
∛337515
57%
√44121
50%
∛00
50%
∛644
43%
∛11
43%
√32418
36%
∛273
36%
√40020
36%
√28917
21%
∛172812
21%

Score Distribution

Percentile by Number Answered

Percent of People with Each Score

Your Score History

You have not taken this quiz